<?xml version="1.0" encoding="UTF-8"?>
<collection xmlns="http://www.loc.gov/MARC21/slim">
 <record>
  <leader>     na                 </leader>
  <controlfield tag="001">INLIS000000000002173</controlfield>
  <controlfield tag="005">20251001090417</controlfield>
  <controlfield tag="035">$a 0010-1025000010</controlfield>
  <controlfield tag="245">$a KOMIK NEXT G: AKIBAT SUKA MENUNDA RPL /$c Hana Ashila</controlfield>
  <controlfield tag="100">$a Hana Ashila</controlfield>
  <controlfield tag="300">$a 96 hlm : $b ilus ; $c 14.5 x 21 cm</controlfield>
  <controlfield tag="260">$a Bandung :$b Muffin Graphics,$c 2025</controlfield>
  <controlfield tag="082">$a 741.5</controlfield>
  <controlfield tag="084">$a 741.5 HAN k</controlfield>
  <controlfield tag="020">$a 978-623-150-175-2</controlfield>
  <controlfield tag="990">$a 150/2025</controlfield>
 </record>
</collection>
